| 000 -LEADER |
| fixed length control field |
03616cam a2200409 a 4500 |
| 001 - CONTROL NUMBER |
| control field |
9165552 |
| 003 - CONTROL NUMBER IDENTIFIER |
| control field |
USPCAS-E |
| 005 - DATE AND TIME OF LATEST TRANSACTION |
| control field |
20180118181421.0 |
| 006 - FIXED-LENGTH DATA ELEMENTS--ADDITIONAL MATERIAL CHARACTERISTICS |
| fixed length control field |
m d |
| 007 - PHYSICAL DESCRIPTION FIXED FIELD--GENERAL INFORMATION |
| fixed length control field |
cr n |
| 008 - FIXED-LENGTH DATA ELEMENTS--GENERAL INFORMATION |
| fixed length control field |
101105s2011 njua sb 001 0 eng d |
| 020 ## - INTERNATIONAL STANDARD BOOK NUMBER |
| International Standard Book Number |
9780470643372 |
| 035 ## - SYSTEM CONTROL NUMBER |
| System control number |
(WaSeSS)ssj0000543984 |
| 040 ## - CATALOGING SOURCE |
| Original cataloging agency |
DLC |
| Transcribing agency |
DLC |
| Modifying agency |
DLC |
| -- |
WaSeSS |
| 042 ## - AUTHENTICATION CODE |
| Authentication code |
pcc |
| 050 #4 - LIBRARY OF CONGRESS CALL NUMBER |
| Classification number |
TK1006 |
| Item number |
.B65 2011 |
| 082 00 - DEWEY DECIMAL CLASSIFICATION NUMBER |
| Classification number |
621.31 |
| Edition number |
22 |
| Author Mark |
BOL-I 2011 |
| 084 ## - OTHER CLASSIFICATION NUMBER |
| Classification number |
TEC031000 |
| Number source |
bisacsh |
| 100 1# - MAIN ENTRY--PERSONAL NAME |
| Personal name |
Bollen, Math H. J., |
| Dates associated with a name |
1960- |
| 210 10 - ABBREVIATED TITLE |
| Abbreviated title |
Integration of distributed generation in the power system |
| 245 10 - TITLE STATEMENT |
| Title |
Integration of distributed generation in the power system |
| Statement of responsibility, etc. |
Math Bollen, and Fainan Hassan ; Mohamed E.E l-Hawary, series editor. |
| 260 ## - PUBLICATION, DISTRIBUTION, ETC. |
| Place of publication, distribution, etc. |
Hoboken, N.J. : |
| Name of publisher, distributor, etc. |
Wiley-IEEE Press, |
| Date of publication, distribution, etc. |
2011. |
| 490 0# - SERIES STATEMENT |
| Series statement |
IEEE press series on power engineering |
| 502 ## - DISSERTATION NOTE |
| Dissertation note |
. |
| 504 ## - BIBLIOGRAPHY, ETC. NOTE |
| Bibliography, etc. note |
Includes bibliographical references (p. 471-495) and index. |
| 506 ## - RESTRICTIONS ON ACCESS NOTE |
| Terms governing access |
License restrictions may limit access. |
| 520 ## - SUMMARY, ETC. |
| Summary, etc. |
"The integration of new sources of energy like wind power, solar-power, small-scale generation, or combined heat and power in the power grid is something that impacts a lot of stakeholders: network companies (both distribution and transmission), the owners and operators of the DG units, other end-users of the power grid (including normal consumers like you and me) and not in the least policy makers and regulators. There is a lot of misunderstanding about the impact of DG on the power grid, with one side (including mainly some but certainly not all, network companies) claiming that the lights will go out soon, whereas the other side (including some DG operators and large parks of the general public) claiming that there is nothing to worry about and that it's all a conspiracy of the large production companies that want to protect their own interests and keep the electricity price high. The authors are of the strong opinion that this is NOT the way one should approach such an important subject as the integration of new, more environmentally friendly, sources of energy in the power grid. With this book the authors aim to bring some clarity to the debate allowing all stakeholders together to move to a solution. This book will introduce systematic and transparent methods for quantifying the impact of DG on the power grid"-- |
| 520 ## - SUMMARY, ETC. |
| Summary, etc. |
"Gives a power-system viewpoint contrary to the energy viewpoint presented in many other books on DG Emphasis on systematic and transparent calculation methods allowing a quantification of the amount of DG that can be integrated at a certain location of the grid or in the grid as a whole Provides an overview of the different energy sources, with emphasis on windpower, solar power and CHP (Combined Heat & Power) Provides a general overview of the different methods available to allow more DG to be connected to the grid, ranging from classical methods like building more lines, to advanced methods like power-electronics control, and even future methods like smartgrids and microgrids"-- |
| 650 #0 - SUBJECT ADDED ENTRY--TOPICAL TERM |
| Topical term or geographic name entry element |
Distributed generation of electric power. |
| 650 #7 - SUBJECT ADDED ENTRY--TOPICAL TERM |
| Topical term or geographic name entry element |
TECHNOLOGY & ENGINEERING / Power Resources / General |
| Source of heading or term |
bisacsh. |
| 773 #0 - HOST ITEM ENTRY |
| Title |
IEEE-Wiley eBooks Library |
| 773 #0 - HOST ITEM ENTRY |
| Title |
Wiley-Blackwell Online Books |
| 856 40 - ELECTRONIC LOCATION AND ACCESS |
| Uniform Resource Identifier |
<a href="http://www.columbia.edu/cgi-bin/cul/resolve?clio9165552.001">http://www.columbia.edu/cgi-bin/cul/resolve?clio9165552.001</a> |
| Public note |
Full text available from IEEE-Wiley eBooks Library |
| 856 40 - ELECTRONIC LOCATION AND ACCESS |
| Uniform Resource Identifier |
<a href="http://www.columbia.edu/cgi-bin/cul/resolve?clio9165552.002">http://www.columbia.edu/cgi-bin/cul/resolve?clio9165552.002</a> |
| Public note |
Full text available from Wiley-Blackwell Online Books |
| 910 ## - USER-OPTION DATA (OCLC) |
| User-option data |
Library of Congress record |
| 942 ## - ADDED ENTRY ELEMENTS (KOHA) |
| Source of classification or shelving scheme |
|
| Koha item type |
Book |